| 000 | 00975cam a22003015a 4500 | ||
|---|---|---|---|
| 001 | 9579674 | ||
| 005 | 20201124142028.0 | ||
| 008 | 110524t2012 si a frb 001 0 eng d | ||
| 020 | _z9789814241908 | ||
| 040 |
_aCaPaEBR _cCaPaEBR _dWaSeSS _dEG-ScBUE _beng |
||
| 082 | 0 | 4 |
_222 _a620.5 _bCAR |
| 245 | 0 | 0 |
_aCarbon nanotubes and their applications / _cedited by Qing Zhang. |
| 260 |
_aSingapore : _bPan Stanford Publishing, _cc.2012. |
||
| 300 |
_axvii, 573 p. : _bill. ; _c24 cm. |
||
| 490 | 0 |
_aPan Stanford series on carbon-based nanomaterials ; _vv. 1 |
|
| 500 | _aIndex : p. [565]-573. | ||
| 504 | _aIncludes bibliographical references. | ||
| 506 | _aLicense restrictions may limit access. | ||
| 650 | 7 |
_aNanotubes. _2BUEsh _939557 |
|
| 651 | _2BUEsh | ||
| 653 |
_bPPhrm _cMarch2016 |
||
| 700 | 1 |
_aZhang, Qing, _eeditor. |
|
| 710 | 2 | _aebrary, Inc. | |
| 773 | 0 | _tMATERIALSnetBASE | |
| 773 | 0 | _tNANOnetBASE | |
| 910 | _aVendor-generated brief record | ||
| 942 | _2ddc | ||
| 999 |
_c21417 _d21389 |
||